000 00518nam a2200217 a 4500
001 nice12345678
003 IN_TiNIC
005 20260116013413.0
008 080218s1986 hyda grp 000 0 ara
020 _a
_c100
082 0 0 _a340.59
_bSHE1
100 _aSheebani, Abu Abdullah
245 _aAl-Amaali
260 _aHyderabad
_bDairatul Maarif
_c1986
300 _a80p
500 _aincludes index and biblioraphy
700 1 _aSheebani, Abu Abdullah
902 _bSRS
942 _cBK
999 _c10866
_d10866